00740 a2200181 45000010006000000050017000060080041000230030015000640400040000790800057001192450068001760200018002442640032002623000019002945050181003131000033004947000031005273021320260407155613.0260407a1983 arg spa dAR-UNSa-BCEJYS aAR-UNSa-BCEJYSbspacAR-UNSa-BCEJYS a657.471.1xClases de costos. Costos de producción 10aCostos de producción, unidad económica y tasaciones rurales a950-9109-21-5 1aBuenos Aires :bTesisc1983 a129 p.c23 cm. a1. Capital, costo e ingresos de las explotaciones agropecuarias - 2. Determinación de la unidad económica agropecuaria - 3. Determinación del valor de los predios rurales1 aGonzález, Maria del Carmen1 aPagliettini, Liliana Luisa